| 000 | 00878nab a2200229 i 4500 | ||
|---|---|---|---|
| 001 | 768714001 | ||
| 003 | CO-MdFUSB | ||
| 005 | 20240813075535.0 | ||
| 008 | 240812t1922 cr ||||| |||| 00| 0 eng d | ||
| 040 |
_bspa _cCO-MdFUSB _dCO-MdFUSB |
||
| 041 | _aeng | ||
| 100 |
_aHayter, James, _d1907-1983 _eautor |
||
| 245 | 4 |
_aThe campaign in Guatemala _c/ James Hayter |
|
| 520 | _aLa Misión Presbiteriana, que inició el movimiento de evangelización latinoamericano en Guatemala, inició el programa con reuniones religiosas especiales. | ||
| 546 | _aTexto en inglés. | ||
| 650 | 0 |
_aEvangelización _9362 |
|
| 650 | 0 |
_aMisiones _9154 |
|
| 650 | 7 |
_aMisioneros _9931 |
|
| 773 | 0 |
_070761 _982937 _oR2741 _tLatin America Mission _w(CO-MdFUSB)768714001 _gVolumen 1, (número 3, 1922), páginas: 6 - 8 _qpágina: 6 |
|
| 942 | _cANA | ||
| 945 | _aCatherine Arias Álvarez - Practicante SENA | ||
| 999 |
_c70770 _d70770 |
||